[Event "Elit(Rockaden,Sthlm-LASK)"]
[Site "?"]
[Date "2018.03.16"]
[Round "7"]
[White "Hedman, Erik"]
[Black "Jogstad, Martin"]
[Result "1/2-1/2"]
[WhiteElo "2369"]
[BlackElo "2309"]
[PlyCount "114"]
1. d4 d5 2. c4 c6 3. Nf3 Nf6 4. Nc3 dxc4 5. a4 Bf5 6. Ne5 Na6 7. e3 Nb4 8. Bxc4
e6 9. O-O Bd6 10. Qe2 h6 11. e4 Bh7 12. Bf4 O-O 13. Rad1 Qe7 14. Bg3 c5 15.
dxc5 Bxc5 16. Kh1 Rad8 17. f4 Rxd1 18. Rxd1 Rd8 19. f5 Rxd1+ 20. Qxd1 Nc6 21.
Nxf7 Kxf7 22. Bxe6+ Kf8 23. e5 Nxe5 24. Bxe5 Bxf5 25. Bxf5 Qxe5 26. Bg6 Qd4 27.
g3 Qxd1+ 28. Nxd1 Ke7 29. Kg2 Kd6 30. Nc3 Ke5 31. Ne2 Ng4 32. h3 Ne3+ 33. Kh2
Nc4 34. b3 Nd2 35. Bc2 Nf1+ 36. Kh1 g5 37. Bd3 Nd2 38. Bc2 Nf3 39. Bg6 Nd2 40.
Bc2 a5 41. Kg2 Bb6 42. h4 Kd5 43. hxg5 hxg5 44. Nc3+ Kd4 45. Nb5+ Kc5 46. Nc3
Kd4 47. Nb5+ Ke5 48. Kh3 Bd8 49. Kg4 Kd5 50. Kf5 Nf1 51. Be4+ Kc5 52. Bxb7
Nxg3+ 53. Kg4 Nf1 54. Na7 Nh2+ 55. Kf5 g4 56. Bg2 Nf3 57. Nc6 Kd6 1/2-1/2

[Event "Elit(Kungstornet-Malmo)"]
[Site "?"]
[Date "2018.03.16"]
[Round "7"]
[White "Hillarp Persson, Tiger"]
[Black "Aronsson, Marten"]
[Result "1-0"]
[WhiteElo "2545"]
[BlackElo "2312"]
[PlyCount "97"]
[SourceDate "2018.03.20"]
1. c4 c5 2. g3 Nc6 3. Bg2 g6 4. Nf3 Bg7 5. Nc3 e5 6. O-O d6 7. a3 a5 8. d3 Nge7
9. Ne1 Be6 10. Nc2 d5 11. cxd5 Nxd5 12. Ne3 Nde7 13. Nc4 O-O 14. Bg5 f6 15. Be3
b6 16. f4 Rb8 17. fxe5 fxe5 18. Rxf8+ Kxf8 19. a4 Nd4 20. Bg5 Qc7 21. Qd2 Kg8
22. Rf1 Ndf5 23. Bh3 Rd8 24. Nb5 Qd7 25. Nxb6 Qb7 26. Nc4 Bxc4 27. Qxa5 Ra8 28.
Qc7 Qxc7 29. Nxc7 Ra7 30. Ne8 Bf7 31. Nxg7 Nxg7 32. Rc1 e4 33. Rxc5 exd3 34.
exd3 Ngf5 35. a5 Nd5 36. Bg2 Nb4 37. Bd2 Nxd3 38. Rc8+ Kg7 39. b4 Be6 40. Rd8
Bd7 41. Bf1 Ne5 42. Bc3 Kf6 43. b5 Ke7 44. Rh8 Nf3+ 45. Kf2 Ng5 46. Bb4+ Ke6
47. b6 Ne4+ 48. Ke1 Rb7 49. Ba6 1-0

[Event "Elit(Team Viking-Limhamn)"]
[Site "?"]
[Date "2018.03.16"]
[Round "7"]
[White "Jepson, Christian"]
[Black "Goganov, Aleksey"]
[Result "0-1"]
[WhiteElo "2410"]
[BlackElo "2563"]
[PlyCount "66"]
1. d4 d5 2. c4 c6 3. Nf3 Nf6 4. Nc3 e6 5. Bg5 h6 6. Bxf6 Qxf6 7. e3 g6 8. Qc2
Nd7 9. a4 a5 10. Bd3 Bg7 11. O-O O-O 12. Rfe1 dxc4 13. Bxc4 Nb6 14. Bb3 Nd5 15.
Ne5 Nb4 16. Qe4 c5 17. Rad1 Qf5 18. Qxf5 gxf5 19. Nd3 b6 20. dxc5 Nxd3 21. Rxd3
Ba6 22. Nb5 bxc5 23. Rd2 Bxb5 24. axb5 a4 25. Bc4 a3 26. bxa3 Bc3 27. Rdd1 Bxe1
28. Rxe1 Rxa3 29. g3 Rfa8 30. Kg2 Ra1 31. Re2 Rc1 32. Ba2 Ra4 33. Kf3 Rb4 0-1

[Event "Elit(Eksjo-Farsta)"]
[Site "?"]
[Date "2018.03.16"]
[Round "7"]
[White "Degerman, Lars"]
[Black "Heberla, Bartlomiej"]
[Result "0-1"]
[WhiteElo "2449"]
[BlackElo "2559"]
[PlyCount "76"]
[SourceDate "2018.03.24"]
1. c4 g6 2. g3 Bg7 3. Bg2 c5 4. Nc3 Nc6 5. Nf3 d6 6. a3 Bf5 7. O-O Qd7 8. Qa4
Nf6 9. d3 Bh3 10. Rb1 Bxg2 11. Kxg2 e6 12. b4 O-O 13. Bg5 Nh5 14. Bd2 f5 15.
bxc5 dxc5 16. Qb5 b6 17. a4 Qc8 18. Na2 Rb8 19. a5 e5 20. Nc3 Kh8 21. axb6 axb6
22. Nd5 e4 23. Ng5 h6 24. Nh3 g5 25. Nxb6 Qe6 26. Qxc5 Nd4 27. Ng1 f4 28. dxe4
Nxe2 29. f3 Bd4 30. Qd5 Qxd5 31. Nxd5 Rxb1 32. Rxb1 Nxg1 33. g4 Ng7 34. Bb4 Rc8
35. c5 Ne6 36. Rd1 Ra8 37. Rd2 Be3 38. Rc2 Nxf3 0-1

[Event "Elit(Kungstornet-Malmo)"]
[Site "?"]
[Date "2018.03.16"]
[Round "7"]
[White "Lyrberg, Patrik"]
[Black "Hansen, Sune Berg"]
[Result "0-1"]
[WhiteElo "2457"]
[BlackElo "2580"]
[PlyCount "58"]
[EventDate "2018.??.??"]
1. e4 e5 2. Nf3 Nc6 3. Bc4 Bc5 4. c3 Nf6 5. Qe2 d6 6. h3 a6 7. d3 h6 8. Bb3 Ba7
9. Nbd2 Ne7 10. a4 Ng6 11. g3 O-O 12. Nc4 Be6 13. Bc2 Re8 14. a5 c6 15. Be3
Bxe3 16. Qxe3 Qc7 17. Qe2 Rad8 18. Kf1 d5 19. Ncd2 Qd7 20. Kg2 Nh5 21. Qf1 f5
22. Kh2 Nf6 23. Ra4 Rf8 24. Rg1 Qc7 25. Kh1 c5 26. Qe2 fxe4 27. dxe4 d4 28.
cxd4 cxd4 29. Rc1 d3 0-1

[Event "Elit(Team Viking-Limhamn)"]
[Site "?"]
[Date "2018.03.16"]
[Round "7"]
[White "Agrest, Evgenij"]
[Black "Brynell, Stellan"]
[Result "1-0"]
[WhiteElo "2584"]
[BlackElo "2418"]
[PlyCount "89"]
1. d4 Nf6 2. Bf4 d5 3. e3 e6 4. Nf3 Bd6 5. Bg3 O-O 6. c4 c5 7. Nc3 dxc4 8. Bxc4
a6 9. dxc5 Bxc5 10. Bd3 b5 11. Ne4 Bb4+ 12. Ke2 Bb7 13. Qb1 h6 14. Rc1 Nxe4 15.
Bxe4 Bd5 16. Bc7 Qe7 17. Bxd5 exd5 18. Qf5 Qe4 19. Nd4 Be7 20. Be5 g6 21. Qxe4
dxe4 22. Rc7 Re8 23. Rac1 Bf8 24. Bg3 b4 25. Rb7 a5 26. Rcc7 Na6 27. Rxf7 Nc5
28. Rbc7 Rac8 29. Ra7 Nd3 30. Rf6 g5 31. Rg6+ Kh8 32. Bd6 Ne5 33. Bxe5+ Rxe5
34. Rga6 Rec5 35. Rxa5 Rxa5 36. Rxa5 Bg7 37. b3 Rc1 38. g4 Kh7 39. Ra4 Bf8 40.
Ra6 Kg8 41. Nf5 Kf7 42. Nxh6+ Bxh6 43. Rxh6 Rc2+ 44. Kf1 Rxa2 45. Rb6 1-0

[Event "Elit(Eksjo-Farsta)"]
[Site "?"]
[Date "2018.03.16"]
[Round "7"]
[White "Rasmussen, Allan Stig"]
[Black "Urkedal, Frode"]
[Result "1/2-1/2"]
[WhiteElo "2543"]
[BlackElo "2572"]
[PlyCount "92"]
1. e4 e5 2. Nf3 Nc6 3. Bb5 a6 4. Ba4 Nf6 5. O-O Be7 6. Re1 b5 7. Bb3 O-O 8. a4
b4 9. d4 d6 10. dxe5 Nxe5 11. Nxe5 dxe5 12. Qe2 Bb7 13. Rd1 Qb8 14. Bg5 h6 15.
Bxf6 Bxf6 16. Nd2 Qa7 17. Bc4 Qd4 18. Rab1 Rad8 19. c3 Qb6 20. Bb3 Qc5 21. Qf3
Rd7 22. Nf1 Rxd1 23. Rxd1 bxc3 24. bxc3 Qa3 25. Rb1 Bc6 26. Qd3 Qc5 27. Bd5
Bxd5 28. exd5 Rd8 29. Rd1 e4 30. Qxe4 Qxc3 31. Ne3 Rb8 32. g3 Qb4 33. Qc2 Be5
34. Qc6 a5 35. Nc4 Bd6 36. Kg2 g6 37. Rd3 Rd8 38. Rf3 Qc5 39. Rd3 Qb4 40. Re3
Kg7 41. Nxd6 Rxd6 42. Qxc7 Rxd5 43. Rf3 Rf5 44. Rxf5 gxf5 45. Qe5+ Kg6 46. Qb5
h5 1/2-1/2

[Event "Elit(Kungstornet-Malmo)"]
[Site "?"]
[Date "2018.03.16"]
[Round "7"]
[White "Schandorff, Lars"]
[Black "Henriksson, Johan"]
[Result "1-0"]
[WhiteElo "2489"]
[BlackElo "2288"]
[PlyCount "49"]
1. d4 d5 2. Nf3 c6 3. c4 Nf6 4. Nbd2 Bf5 5. Nh4 Bg6 6. Qb3 Qb6 7. Qh3 Nbd7 8.
Nxg6 fxg6 9. e3 Kf7 10. Bd3 e5 11. O-O Re8 12. cxd5 cxd5 13. e4 Bb4 14. Nf3
dxe4 15. Bc4+ Ke7 16. Nxe5 Qxd4 17. Qe6+ Kd8 18. Nf7+ Kc8 19. Be3 Qxb2 20. Qh3
Rhf8 21. a3 Bxa3 22. Bxa7 Re7 23. Rfb1 Qd2 24. Qxa3 Rfxf7 25. Be3 1-0

[Event "Elit(Team Viking-Limhamn)"]
[Site "?"]
[Date "2018.03.16"]
[Round "7"]
[White "Johansson, Linus"]
[Black "Berg, Emanuel"]
[Result "0-1"]
[WhiteElo "2452"]
[BlackElo "2549"]
[PlyCount "80"]
1. d4 Nf6 2. c4 g6 3. Nc3 Bg7 4. e4 d6 5. Bd3 O-O 6. Nge2 Nc6 7. O-O Re8 8. a3
e5 9. d5 Nd4 10. b4 c6 11. f3 a5 12. Be3 Nh5 13. dxc6 bxc6 14. b5 Bb7 15. bxc6
Bxc6 16. Nb5 Nxe2+ 17. Bxe2 Nf4 18. Re1 Bxb5 19. cxb5 d5 20. Bf1 d4 21. Bd2 Qb6
22. Bc4 Rec8 23. Qb3 a4 24. Qa2 Rc7 25. Rac1 Raa7 26. g3 Ne6 27. Bd5 d3+ 28.
Kg2 Nd4 29. Be3 Qxb5 30. Bc4 Qd7 31. Red1 Ra8 32. Rxd3 Rac8 33. Rdd1 Qe7 34.
Bd5 Rc2+ 35. Kh1 Qd7 36. g4 Rxa2 37. Bxa2 Rxc1 38. Rxc1 Bf8 39. Kg2 Bxa3 40.
Rb1 Qc7 0-1

[Event "Elit(Eksjo-Farsta)"]
[Site "?"]
[Date "2018.03.16"]
[Round "7"]
[White "Sammalvuo, Tapani"]
[Black "Ornstein, Axel"]
[Result "1-0"]
[WhiteElo "2418"]
[BlackElo "2342"]
[PlyCount "59"]
1. d4 Nf6 2. c4 e6 3. Nf3 c5 4. d5 d6 5. Nc3 exd5 6. cxd5 g6 7. h3 a6 8. a4 Qe7
9. Bf4 Bg7 10. e3 O-O 11. Be2 Bf5 12. Nd2 Nbd7 13. g4 Be4 14. f3 Bxd5 15. g5
Bc6 16. gxf6 Nxf6 17. Nc4 Nh5 18. Bxd6 Qh4+ 19. Kf1 Rfe8 20. Qe1 Qf6 21. Qf2 b5
22. axb5 axb5 23. Rxa8 Bxa8 24. Nxb5 Bc6 25. Nba3 Re6 26. Bh2 Qe7 27. Rg1 Bf6
28. Rg4 Ng7 29. e4 h5 30. Rg2 1-0

[Event "Elit(Kungstornet-Malmo)"]
[Site "?"]
[Date "2018.03.16"]
[Round "7"]
[White "von Bahr, Oskar"]
[Black "Ziegler, Ari"]
[Result "0-1"]
[WhiteElo "2420"]
[BlackElo "2330"]
[PlyCount "100"]
1. e4 c5 2. Nf3 e6 3. g3 d5 4. exd5 exd5 5. d4 Nf6 6. Bg2 Be7 7. O-O O-O 8. Nc3
c4 9. b3 cxb3 10. axb3 Nc6 11. Ne5 h6 12. Nxc6 bxc6 13. Ba3 Re8 14. Bxe7 Rxe7
15. Na4 Bg4 16. f3 Bf5 17. Qd2 Qd6 18. Rfe1 Rae8 19. Kf2 Rxe1 20. Rxe1 Rxe1 21.
Kxe1 Qa3 22. g4 Bg6 23. Nc5 Qa1+ 24. Kf2 Qb2 25. Bf1 Bxc2 26. Ba6 Qb1 27. b4
Qh1 28. Ke3 Qg1+ 29. Qf2 Qc1+ 30. Qd2 Qa1 31. Qf2 Qc1+ 32. Qd2 Qa3+ 33. Kf2 Ba4
34. Qf4 Qb2+ 35. Kg3 Qxb4 36. Nxa4 Qxa4 37. Qb8+ Kh7 38. Bd3+ Ne4+ 39. Bxe4+
dxe4 40. Qe5 g6 41. Qxe4 Qc4 42. h4 Qd5 43. Qe7 a5 44. Qa7 Kg7 45. Kf2 Qb5 46.
Kg3 a4 47. Qe7 Qb8+ 48. f4 Qb3+ 49. Kf2 Qb2+ 50. Ke3 Qc3+ 0-1

[Event "Elit(Team Viking-Limhamn)"]
[Site "?"]
[Date "2018.03.16"]
[Round "7"]
[White "Sagit, Rauan"]
[Black "Lindgren, Philip"]
[Result "1/2-1/2"]
[WhiteElo "2433"]
[BlackElo "2399"]
[PlyCount "88"]
1. Nf3 d5 2. g3 c6 3. Bg2 Bg4 4. b3 Nd7 5. Bb2 Ngf6 6. d3 Bxf3 7. Bxf3 e5 8.
Nd2 Bd6 9. Bg2 Qe7 10. a3 a5 11. e3 O-O 12. O-O Rfe8 13. e4 dxe4 14. dxe4 b5
15. Qe2 Nc5 16. Rfd1 Ne6 17. Nf3 Nc5 18. Nd2 Ne6 19. a4 Qb7 20. Nf3 Qb8 21. Bc3
b4 22. Bb2 c5 23. Nd2 Nd4 24. Qd3 Qa7 25. Nc4 Bc7 26. Bxd4 cxd4 27. Bh3 Qb7 28.
Re1 Ra6 29. Rad1 h6 30. Qf3 Rc6 31. Bf1 Re7 32. Bd3 Nh7 33. Qe2 Rf6 34. Kg2 Qc8
35. Rh1 g5 36. h3 Kg7 37. Nd2 Ree6 38. Nf1 Nf8 39. Nh2 Rg6 40. Bc4 Rc6 41. Nf1
Bb6 42. Bd3 Rgf6 43. Rd2 Rc3 44. Nh2 Rc5 1/2-1/2

[Event "Elit(Eksjo-Farsta)"]
[Site "?"]
[Date "2018.03.16"]
[Round "7"]
[White "Gajic, Mladen"]
[Black "Hjelm, Niclas"]
[Result "1-0"]
[WhiteElo "2312"]
[BlackElo "2350"]
[PlyCount "45"]
1. d4 d5 2. c4 c6 3. cxd5 cxd5 4. Nc3 Nf6 5. f3 Nc6 6. e4 dxe4 7. d5 Ne5 8.
fxe4 e6 9. Nf3 Nxf3+ 10. Qxf3 exd5 11. e5 Nd7 12. Bb5 Bc5 13. Qxd5 Qh4+ 14. g3
Qe7 15. Bg5 f6 16. O-O-O fxg5 17. e6 O-O 18. exd7+ Kh8 19. Rhe1 Be3+ 20. Kb1
Bxd7 21. Qxd7 Qc5 22. Ne4 Qb6 23. Nd6 1-0

[Event "Elit(Farsta-Rockaden,Sthlm)"]
[Site "?"]
[Date "2018.02.24"]
[Round "6"]
[White "Engqvist, Thomas"]
[Black "Ong, Kezli"]
[Result "0-1"]
[WhiteElo "2344"]
[BlackElo "2303"]
[PlyCount "146"]
1. e4 e5 2. Nf3 Nc6 3. Bb5 a6 4. Ba4 Nf6 5. O-O Be7 6. Bxc6 dxc6 7. Qe1 Nd7 8.
b3 O-O 9. Bb2 Bd6 10. Nc3 Re8 11. Ne2 c5 12. d3 Nb8 13. Ng3 Nc6 14. c3 a5 15.
a4 Be6 16. Qd1 Bf8 17. Qc2 Qd7 18. Bc1 Red8 19. Ne1 Ra6 20. Rb1 Rb6 21. f4 exf4
22. Bxf4 Bd6 23. Ne2 Bxf4 24. Nxf4 Ne5 25. Qf2 Rxb3 26. Rxb3 Bxb3 27. Qxc5 Ng6
28. Qxa5 b6 29. Qb4 Bxa4 30. Nd5 Bc6 31. Ne3 Ra8 32. Nf5 h6 33. c4 Kh7 34. Qc3
f6 35. Nc2 Rd8 36. Nb4 Bb7 37. Rf3 Ne5 38. Re3 Ra8 39. h3 Qa4 40. Qd2 Bc8 41.
Nd5 Bxf5 42. exf5 Qb3 43. d4 Nxc4 44. Nxf6+ Kh8 45. Rxb3 Nxd2 46. Rd3 Ra1+ 47.
Kf2 Ra2 48. Nd5 Ra5 49. Ne7 Ne4+ 50. Kf3 Nd6 51. Kf4 Kh7 52. g4 Ra1 53. Re3 Rd1
54. d5 b5 55. h4 Rd4+ 56. Kf3 Nc4 57. Re6 b4 58. Ra6 Nb6 59. Ra1 b3 60. Rb1 Nc4
61. Re1 b2 62. Ng6 Nd2+ 63. Ke3 Re4+ 64. Kxd2 Rxe1 65. Kxe1 b1=Q+ 66. Kf2 Qa2+
67. Kg3 Qxd5 68. Kf4 Qd4+ 69. Kf3 c5 70. g5 hxg5 71. hxg5 c4 72. Nf4 c3 73. Kg4
c2 0-1

[Event "Elit(Farsta-Rockaden,Sthlm)"]
[Site "?"]
[Date "2018.02.24"]
[Round "6"]
[White "Backelin, Rikard"]
[Black "Kenneskog, Theodor"]
[Result "1/2-1/2"]
[WhiteElo "2329"]
[BlackElo "2296"]
[PlyCount "45"]
[EventDate "2018.??.??"]
1. e4 c5 2. Nf3 d6 3. Bb5+ Nd7 4. O-O a6 5. Bd3 Ngf6 6. Re1 e6 7. c3 b5 8. Bc2
c4 9. d4 cxd3 10. Qxd3 Bb7 11. Nbd2 Be7 12. Qe2 Rc8 13. a4 bxa4 14. Rxa4 O-O
15. e5 dxe5 16. Nxe5 Nxe5 17. Qxe5 Rc5 18. Qe2 Ra5 19. Rxa5 Qxa5 20. Qe5 Qxe5
21. Rxe5 Rd8 22. h3 Nd7 23. Re3 1/2-1/2

[Event "Elit(Farsta-Rockaden,Sthlm)"]
[Site "?"]
[Date "2018.02.24"]
[Round "6"]
[White "Hedman, Erik"]
[Black "Namini, Armin"]
[Result "1/2-1/2"]
[WhiteElo "2369"]
[BlackElo "2191"]
[PlyCount "120"]
1. d4 Nf6 2. c4 g6 3. Nf3 Bg7 4. g3 O-O 5. Bg2 d6 6. O-O Nbd7 7. Nc3 e5 8. e4
a6 9. h3 b5 10. Qc2 c6 11. Rd1 exd4 12. Nxd4 Bb7 13. Bf4 Qe7 14. cxb5 axb5 15.
Ndxb5 cxb5 16. Bxd6 Qe6 17. Bxf8 Bxf8 18. Nxb5 Qb6 19. Nc3 Ne5 20. Rac1 h5 21.
Na4 Qb4 22. Qc7 Nfd7 23. a3 Qb3 24. Nc3 Rc8 25. Qa5 Bh6 26. f4 Nc4 27. Qb4 Qxb4
28. axb4 Ndb6 29. Nb5 Rb8 30. Nd6 Ne3 31. Rd3 Nxg2 32. Kxg2 Rd8 33. Rcd1 Ba8
34. Kf2 h4 35. e5 hxg3+ 36. Kxg3 Bf8 37. b3 Rb8 38. b5 Be7 39. h4 Bb7 40. h5
Bc8 41. Nxc8 Rxc8 42. hxg6 fxg6 43. Rd6 Bxd6 44. Rxd6 Rb8 45. Rxg6+ Kf7 46. Rd6
Ke7 47. f5 Nd7 48. f6+ Nxf6 49. Rxf6 Rxb5 50. Rf3 Ke6 51. Rd3 Kxe5 52. Kf3 Rd5
53. Rc3 Kd4 54. Rc4+ Kd3 55. Rb4 Rf5+ 56. Kg4 Rd5 57. Rb8 Kc3 58. Kf4 Rd4+ 59.
Ke5 Rb4 60. Rxb4 Kxb4 1/2-1/2

[Event "Elit(Farsta-Rockaden,Sthlm)"]
[Site "?"]
[Date "2018.02.24"]
[Round "6"]
[White "Jaderberg, Bjorn"]
[Black "Tuomainen, Felix"]
[Result "0-1"]
[WhiteElo "2151"]
[BlackElo "2219"]
[PlyCount "126"]
1. c4 e5 2. g3 d6 3. Nc3 f5 4. Nf3 Nf6 5. d3 Be7 6. Bg2 O-O 7. O-O c6 8. Bd2
Na6 9. a3 Qe8 10. b4 Nc7 11. d4 e4 12. Ng5 h6 13. Nh3 Be6 14. c5 Ncd5 15. Nxd5
Nxd5 16. Nf4 Nxf4 17. Bxf4 Qd7 18. Qd2 dxc5 19. bxc5 Rfd8 20. Rfd1 b6 21. Qc2
Qd5 22. Bc7 Rd7 23. cxb6 axb6 24. Bxb6 Rxa3 25. Rxa3 Bxa3 26. Ra1 Rb7 27. Rxa3
Rxb6 28. e3 Qc4 29. Qxc4 Bxc4 30. Ra1 Kf7 31. Bf1 Bd5 32. Rc1 g5 33. Bc4 f4 34.
gxf4 gxf4 35. Kg2 Ke6 36. Bxd5+ cxd5 37. Rc8 Rb2 38. exf4 Rd2 39. Rh8 Rxd4 40.
h4 Rd2 41. Kg3 Rd3+ 42. Kg2 Kf5 43. Rxh6 Kxf4 44. Rh8 Rd2 45. Kf1 Kf3 46. Rf8+
Kg4 47. Ke1 Rd3 48. Rh8 Kf5 49. h5 Rh3 50. Ke2 d4 51. Rf8+ Kg5 52. Re8 Rh4 53.
Re5+ Kf4 54. Rd5 d3+ 55. Kf1 Kf3 56. Rf5+ Kg4 57. Rd5 Rxh5 58. f3+ exf3 59.
Rxd3 Kg3 60. Kg1 Ra5 61. Rd1 Ra2 62. Rb1 Rg2+ 63. Kh1 Rh2+ 0-1

[Event "Elit(Upsala-Kungstornet)"]
[Site "?"]
[Date "2018.02.24"]
[Round "6"]
[White "von Bahr, Oskar"]
[Black "Malm Lindberg, Henrik"]
[Result "1-0"]
[WhiteElo "2420"]
[BlackElo "2212"]
[PlyCount "125"]
[SourceDate "2018.03.05"]
1. d4 Nf6 2. c4 e6 3. Nf3 b6 4. g3 Bb7 5. Bg2 Be7 6. O-O O-O 7. d5 exd5 8. Nh4
c6 9. cxd5 cxd5 10. Nf5 Na6 11. Bf4 Re8 12. Nc3 Nc7 13. Bd6 Bf8 14. Qc1 Re6 15.
Bxf8 Qxf8 16. Rd1 Bc6 17. Qf4 Rc8 18. a4 a5 19. Rd2 Qb4 20. Qg5 Qf8 21. Rad1
Ne4 22. Bxe4 dxe4 23. Qe3 Qc5 24. Qg5 Qf8 25. Nd4 Ree8 26. Qe3 Qc5 27. Rc2 Qe5
28. Nxc6 dxc6 29. Qxb6 e3 30. Qxe3 Qxe3 31. fxe3 Rxe3 32. Rd6 Re6 33. Rd7 Kf8
34. Rcd2 Ke8 35. Kf2 Rf6+ 36. Kg2 Re6 37. Kf3 Rf6+ 38. Kg2 Re6 39. Kf2 Rf6+ 40.
Ke1 Re6 41. R2d4 Na6 42. Ra7 Nc5 43. Rh4 h6 44. Rxa5 Nb3 45. Ra7 Rb8 46. Rf4
Re7 47. Re4 Rxe4 48. Nxe4 Nd4 49. Nd6+ Kf8 50. Rxf7+ Kg8 51. Rb7 Ra8 52. b3 Rd8
53. Nc4 Re8 54. e3 Re4 55. a5 Nxb3 56. Rb8+ Kh7 57. Rxb3 Rxc4 58. Ra3 Rb4 59.
a6 Rb8 60. a7 Ra8 61. Kd2 Kg6 62. Kd3 Kf5 63. Kd4 1-0

[Event "Elit(Upsala-Kungstornet)"]
[Site "?"]
[Date "2018.02.24"]
[Round "6"]
[White "Johansson, Jan"]
[Black "Lyrberg, Patrik"]
[Result "0-1"]
[WhiteElo "2355"]
[BlackElo "2457"]
[PlyCount "68"]
1. d4 Nf6 2. c4 e6 3. Nc3 Bb4 4. Nf3 O-O 5. Bg5 d5 6. Qb3 Nc6 7. e3 a5 8. a3
Bxc3+ 9. Qxc3 h6 10. Bh4 g5 11. Bg3 Ne4 12. Qc2 f5 13. Bd3 Bd7 14. cxd5 exd5
15. Qb3 Be8 16. Bxe4 fxe4 17. Ne5 a4 18. Qc2 Nxe5 19. Bxe5 Bb5 20. Rc1 Bc4 21.
f4 Ra6 22. h4 gxf4 23. exf4 Rg6 24. Qf2 Qd7 25. Rc3 Kh7 26. h5 Rg4 27. Rhh3 Qf5
28. Kd2 Rfg8 29. Rcg3 e3+ 30. Qxe3 Qb1 31. Bf6 Qxb2+ 32. Ke1 Re8 33. Be5 Rxe5
34. dxe5 Rxf4 0-1

[Event "Elit(Upsala-Kungstornet)"]
[Site "?"]
[Date "2018.02.24"]
[Round "6"]
[White "Aronsson, Marten"]
[Black "Burwick, Malte"]
[Result "1/2-1/2"]
[WhiteElo "2312"]
[BlackElo "2247"]
[PlyCount "103"]
[EventDate "2018.??.??"]
1. d4 g6 2. g3 Bg7 3. Bg2 d6 4. Nf3 Nd7 5. O-O Ngf6 6. Re1 O-O 7. e4 e5 8. Nc3
Re8 9. h3 a6 10. a4 b6 11. Be3 Bb7 12. d5 Qe7 13. Nd2 Nh5 14. Kh2 Qf8 15. Bf3
Ndf6 16. Nc4 Bh6 17. Qd2 Bxe3 18. Nxe3 Qh6 19. Nc4 Qxd2 20. Nxd2 Ng7 21. Na2 a5
22. Nc3 Ba6 23. Be2 Bxe2 24. Rxe2 Re7 25. Nb5 Nfh5 26. Ra3 Rf8 27. Rc3 Ne8 28.
f3 f5 29. Kg2 Nhf6 30. Rc4 h5 31. c3 g5 32. b4 g4 33. hxg4 hxg4 34. exf5 gxf3+
35. Nxf3 Nxd5 36. Rg4+ Rg7 37. Rxg7+ Kxg7 38. bxa5 bxa5 39. c4 Nb6 40. c5 Nxa4
41. cxd6 cxd6 42. Ra2 Nb6 43. Rxa5 Rxf5 44. Nxd6 Nxd6 45. Rxe5 Rf6 46. g4 Nbc4
47. Re7+ Kf8 48. Re2 Nf7 49. Kg3 Rg6 50. Kf4 Rf6+ 51. Kg3 Rg6 52. Kf4 1/2-1/2

[Event "Elit(Upsala-Kungstornet)"]
[Site "?"]
[Date "2018.02.24"]
[Round "6"]
[White "Johansson, Carl Fredrik"]
[Black "Henriksson, Johan"]
[Result "1-0"]
[WhiteElo "2209"]
[BlackElo "2288"]
[PlyCount "147"]
1. d4 d5 2. c4 c6 3. cxd5 cxd5 4. Nc3 Nf6 5. Bf4 a6 6. e3 g6 7. Nf3 Bg7 8. Ne5
Nh5 9. Qa4+ Kf8 10. Nd3 Nxf4 11. Nxf4 e6 12. Be2 Nc6 13. O-O Bh6 14. Nd3 Kg7
15. Nc5 Re8 16. b4 Kg8 17. b5 Nb8 18. bxa6 bxa6 19. Rab1 Nd7 20. Rb3 Nxc5 21.
dxc5 Re7 22. Qh4 Bf8 23. Na4 Qc7 24. Rc1 Bd7 25. c6 Bc8 26. Nb6 Ra7 27. Qa4 Re8
28. Nxc8 Rxc8 29. Qd4 Bd6 30. g3 a5 31. Kg2 a4 32. Rb5 a3 33. Rcb1 Be5 34. Qc5
Bb2 35. Rb6 Rb8 36. Ra6 Rxa6 37. Bxa6 Rd8 38. Rd1 h5 39. h4 Kg7 40. Rd3 Rb8 41.
Bb7 Re8 42. Rb3 Re7 43. Rb5 Qd8 44. Ra5 Rc7 45. f4 Qf6 46. Ba6 Qc3 47. Qxc3+
Bxc3 48. Rc5 Bb4 49. Rc2 Kf6 50. Kf3 Ke7 51. e4 dxe4+ 52. Kxe4 Kd6 53. Bb7 Re7
54. Bc8 Kc7 55. Bd7 Bd6 56. Rc4 f5+ 57. Kf3 e5 58. fxe5 Rxe5 59. Ra4 Rd5 60.
Ra7+ Kd8 61. Ra8+ Kc7 62. Ra7+ Kd8 63. Be6 Rc5 64. Rd7+ Ke8 65. Rxd6 Ke7 66. c7
Rxc7 67. Ra6 Rc3+ 68. Kf4 Rd3 69. Bb3 Rd4+ 70. Ke3 Rg4 71. Kf3 g5 72. hxg5 Rxg5
73. Rxa3 Rg4 74. Bc2 1-0

[Event "Elit(Upsala-Kungstornet)"]
[Site "?"]
[Date "2018.02.24"]
[Round "6"]
[White "Backlund, Anders"]
[Black "Cederberg, Karl Olof"]
[Result "1/2-1/2"]
[WhiteElo "2304"]
[BlackElo "2141"]
[PlyCount "39"]
1. e4 e5 2. Nf3 d6 3. d4 Nf6 4. Nc3 Nbd7 5. Bc4 Be7 6. O-O O-O 7. a4 c6 8. Ba2
b6 9. Re1 a6 10. h3 Rb8 11. Bg5 b5 12. axb5 axb5 13. Bh4 Nh5 14. Bxe7 Qxe7 15.
Nxe5 dxe5 16. Qxh5 exd4 17. Ne2 Nf6 18. Qh4 c5 19. Ng3 Nd5 20. Qxe7 1/2-1/2

[Event "Elit(Upsala-Kungstornet)"]
[Site "?"]
[Date "2018.02.24"]
[Round "6"]
[White "Haj-Bakkor, Mohammed"]
[Black "Glimbrant, Torbjorn"]
[Result "1/2-1/2"]
[WhiteElo "2199"]
[BlackElo "2274"]
[PlyCount "95"]
[EventDate "2018.??.??"]
1. e4 c5 2. Nf3 e6 3. g3 Nc6 4. Bg2 Nf6 5. d3 d5 6. Nbd2 Be7 7. O-O O-O 8. e5
Nd7 9. Re1 Qc7 10. Qe2 b5 11. h4 a5 12. h5 b4 13. h6 g6 14. Nf1 Ba6 15. c4 bxc3
16. bxc3 Rab8 17. N1h2 a4 18. Ng4 Qa5 19. Bd2 Qb5 20. Bf1 a3 21. Bg5 Qa4 22.
Bh3 d4 23. c4 Bb7 24. Qd2 Rfe8 25. Bxe7 Nxe7 26. Qg5 Nf5 27. Nh4 Qa6 28. Nf6+
Nxf6 29. Nxf5 exf5 30. Qxf6 Qxf6 31. exf6 Bc6 32. Bg2 Bxg2 33. Kxg2 Re6 34.
Rab1 Rb2 35. Rxb2 axb2 36. Rb1 Rb6 37. Kf3 Kf8 38. a4 Ke8 39. a5 Rb3 40. Ke2
Kd7 41. a6 Kc7 42. Kd2 Kb6 43. a7 Kb7 44. Kc2 Rb4 45. Rxb2 Rxb2+ 46. Kxb2 g5
47. f4 g4 48. Kb3 1/2-1/2

[Event "Elit(Upsala-Kungstornet)"]
[Site "?"]
[Date "2018.02.24"]
[Round "6"]
[White "Andersson, Fredrik"]
[Black "Cardenas, William"]
[Result "1/2-1/2"]
[WhiteElo "2277"]
[BlackElo "2094"]
[PlyCount "61"]
[EventDate "2018.??.??"]
1. e4 c6 2. d4 d5 3. e5 c5 4. dxc5 Nc6 5. Nf3 Bg4 6. c3 e6 7. b4 g6 8. Nbd2 Bg7
9. Bb5 Bxe5 10. Bb2 Nge7 11. O-O O-O 12. Qb3 Bxf3 13. Nxf3 Bg7 14. Rad1 e5 15.
Rfe1 Qc7 16. Bf1 e4 17. Nd4 Nxd4 18. cxd4 Rad8 19. b5 Qd7 20. a4 f5 21. Ba3 Rf7
22. a5 f4 23. a6 bxa6 24. bxa6 Nf5 25. Bb2 Qe6 26. Bc3 f3 27. g3 Rc8 28. Bb5
Rcf8 29. c6 Nh6 30. Bb4 Rb8 31. Qa4 1/2-1/2

[Event "Elit(Upsala-Kungstornet)"]
[Site "?"]
[Date "2018.02.24"]
[Round "6"]
[White "Svensson, Mans"]
[Black "Couso, Luis"]
[Result "0-1"]
[WhiteElo "2156"]
[BlackElo "2276"]
[PlyCount "104"]
1. d4 Nf6 2. c4 e6 3. Nc3 Bb4 4. Nf3 c5 5. g3 O-O 6. Bg2 cxd4 7. Nxd4 d5 8.
cxd5 Nxd5 9. Bd2 Nxc3 10. bxc3 Bc5 11. O-O Nd7 12. Rb1 Nb6 13. Nb3 Be7 14. Na5
Qc7 15. Qb3 Rb8 16. c4 Nd7 17. Rfc1 Nc5 18. Qe3 Bd7 19. Nb3 b6 20. Nd4 a6 21.
Bc3 f6 22. Nc2 Bc6 23. Nb4 Bxg2 24. Kxg2 a5 25. Nd3 Qc6+ 26. f3 e5 27. Nf2 Rfd8
28. Bd2 Bf8 29. Qc3 Ne6 30. Be3 Bb4 31. Qb2 Bc5 32. Qc3 Bxe3 33. Qxe3 Rd4 34.
Qb3 Nc5 35. Qb5 Qxb5 36. Rxb5 Rd2 37. Rcb1 Rbd8 38. Rxb6 Rxe2 39. Rb8 Rxb8 40.
Rxb8+ Kf7 41. Kg1 Rxa2 42. Rb5 Ne6 43. c5 a4 44. Ra5 a3 45. Ra7+ Ke8 46. Ne4
Nd4 47. Nd6+ Kd8 48. Rxg7 Nxf3+ 49. Kf1 Nxh2+ 50. Ke1 Nf3+ 51. Kf1 Nd4 52. Rxh7
Rb2 0-1

[Event "Elit(Farsta-Rockaden,Sthlm)"]
[Site "?"]
[Date "2018.02.24"]
[Round "6"]
[White "Karlsson, Lars"]
[Black "Ernst, Thomas"]
[Result "1/2-1/2"]
[WhiteElo "2455"]
[BlackElo "2380"]
[PlyCount "77"]
[SourceDate "2018.02.28"]
1. g3 c5 2. Bg2 Nc6 3. c4 g6 4. Nc3 Bg7 5. e3 e6 6. Nge2 Nge7 7. Nf4 Rb8 8. a3
a6 9. Nd3 d6 10. b4 b6 11. Rb1 O-O 12. O-O Bd7 13. Bb2 cxb4 14. axb4 b5 15.
cxb5 axb5 16. Ne4 Ne5 17. Nxe5 dxe5 18. f4 Nc6 19. Qb3 exf4 20. Bxg7 Kxg7 21.
gxf4 Qe7 22. Qb2+ f6 23. Nc5 Rfc8 24. d4 Be8 25. Ra1 Bf7 26. Ra6 Qd6 27. Rc1
Be8 28. Qb3 Bf7 29. Qb2 Be8 30. Bh3 Bf7 31. d5 exd5 32. Bxc8 Rxc8 33. Qd2 Qe7
34. Nb3 Nxb4 35. Rxc8 Nxa6 36. Rc6 Nc7 37. Nd4 Ne8 38. Nxb5 Qd7 39. Nd4 1/2-1/2